[Event "Moscow Aeroflot op-A"]
[Site "Moscow"]
[Date "2024.03.07"]
[Round "9"]
[White "Ter Sahakyan, Samvel"]
[Black "Savchenko, Boris"]
[Result "1-0"]
[WhiteElo "2646"]
[BlackElo "2479"]
[PlyCount "89"]
[EventDate "2024.03.03"]
[EventType "swiss"]
[EventRounds "9"]
[EventCountry "RUS"]
[SourceTitle "CB11_2024"]
[SourceDate "2024.03.13"]
[SourceVersion "1"]
[SourceVersionDate "2024.03.13"]
[SourceQuality "1"]

1. e4 e6 2. d4 d5 3. Nc3 Nf6 4. e5 Nfd7 5. f4 c5 6. Nf3 Nc6 7. Be3 a6 8. Qd2 b5 9. Bd3 g5 10. fxg5 cxd4 11. Nxd4 Ncxe5 12. 0-0-0 Nxd3+ 13. Qxd3 Ne5 14. Qe2 Bg7 15. Nf3 Nxf3 16. gxf3 Qc7 17. Qf2 Bb7 18. f4 b4 19. Ne2 d4 20. Bxd4 Rc8 21. c3 Bxd4 22. Qxd4 0-0 23. Rhe1 bxc3 24. Nxc3 Bf3 25. Rd2 Bg4 26. Qe5 Qxe5 27. Rxe5 Bf5 28. Rd4 Rfd8 29. Rxd8+ Rxd8 30. Ra5 Rd6 31. Ra4 Kg7 32. Ne4 Rd5 33. b3 h5 34. Nf6 Rd8 35. Nxh5+ Kg6 36. Nf6 Rh8 37. Rxa6 Rxh2 38. Ra8 Bd3 39. Ng4 Rh1+ 40. Kd2 Be4 41. Ra7 Kg7 42. Ne5 Kg8 43. Nxf7 Rf1 44. Ne5 Bb1 45. Ke3 1-0

[Event "Moscow Aeroflot op-A"]
[Site "Moscow"]
[Date "2024.03.05"]
[Round "6"]
[White "Savchenko, Boris"]
[Black "Sindarov, Javokhir"]
[Result "1-0"]
[WhiteElo "2479"]
[BlackElo "2701"]
[PlyCount "105"]
[EventDate "2024.03.03"]
[EventType "swiss"]
[EventRounds "9"]
[EventCountry "RUS"]
[SourceTitle "CB11_2024"]
[SourceDate "2024.03.13"]
[SourceVersion "1"]
[SourceVersionDate "2024.03.13"]
[SourceQuality "1"]

1. c4 g6 2. d4 Nf6 3. f3 d6 4. Nc3 e5 5. d5 Nh5 6. g3 f5 7. e4 f4 8. Kf2 g5 9. Bh3 Nf6 10. Bxc8 Qxc8 11. h4 fxg3+ 12. Kg2 gxh4 13. Rxh4 Rg8 14. Nge2 Qd7 15. Nxg3 Qg7 16. Nce2 Be7 17. Qh1 Nbd7 18. Qh3 Qf7 19. Kf2 h5 20. Nf5 Ng4+ 21. Ke1 Bxh4+ 22. Qxh4 Nc5 23. b4 Nd3+ 24. Kd2 Ngf2 25. Kc3 a5 26. b5 Nxe4+ 27. fxe4 Nc5 28. Qh1 Rg4 29. Nh6 Nxe4+ 30. Kb2 Nf2 31. Qh2 Qf3 32. Qxh5+ Kd7 33. Rb1 Rf8 34. Nxg4 Qxe2+ 35. Ka1 Qxg4 36. Qh7+ Kc8 37. b6 Qxc4 38. Qe7 Rd8 39. Qe6+ Rd7 40. Bb2 Nd3 41. Rf1 cxb6 42. Rf8+ Kc7 43. Qg8 b5 44. Rc8+ Kb6 45. Rxc4 bxc4 46. Bc3 Nb4 47. a3 Na6 48. Bd2 a4 49. Qe6 Nc5 50. Be3 Kc7 51. Bxc5 dxc5 52. Qxe5+ Kb6 53. Kb2 1-0

[Event "Moscow-ch op Superfinal"]
[Site "Ershovo"]
[Date "2024.02.27"]
[Round "7"]
[White "Savchenko, Boris"]
[Black "Pogosyan, Stefan"]
[Result "0-1"]
[WhiteElo "2494"]
[BlackElo "2360"]
[PlyCount "80"]
[EventDate "2024.02.23"]
[EventType "swiss"]
[EventRounds "10"]
[EventCountry "RUS"]
[SourceTitle "CB10_2024"]
[SourceDate "2024.03.06"]
[SourceVersion "1"]
[SourceVersionDate "2024.03.06"]
[SourceQuality "1"]

1. e4 c5 2. Nf3 Nc6 3. Nc3 e6 4. d4 cxd4 5. Nxd4 Qc7 6. Be3 a6 7. Qd2 Nf6 8. 0-0-0 b5 9. f3 Bb7 10. g4 h6 11. Kb1 b4 12. Na4 Ne5 13. Bf4 d5 14. Bxe5 Qxe5 15. f4 Qc7 16. exd5 Nxd5 17. Bg2 Be7 18. f5 e5 19. Nb3 Bg5 20. Qe1 Ne3 21. Bxb7 Qxb7 22. Nac5 Qc6 23. h4 Bf4 24. Qxb4 Nxd1 25. Rxd1 0-0 26. Qe4 Rfd8 27. Re1 Rac8 28. a4 Rd5 29. c3 Rxc5 30. Nxc5 Qxc5 31. Rd1 Rb8 32. Rd7 Qg1+ 33. Ka2 Qxg4 34. b4 Qh3 35. Kb3 Rc8 36. Rd3 Qf1 37. Rd6 Qa1 38. c4 Bc1 39. c5 Qb2+ 40. Kc4 Qa2+ 0-1

[Event "Bhubaneswar SOA op 1st"]
[Site "Bhubaneswar"]
[Date "2024.02.01"]
[Round "7"]
[White "Shahil, Dey"]
[Black "Savchenko, Boris"]
[Result "1/2-1/2"]
[WhiteElo "2363"]
[BlackElo "2489"]
[PlyCount "97"]
[EventDate "2024.01.28"]
[EventType "swiss"]
[EventRounds "10"]
[EventCountry "IND"]
[SourceTitle "CB06_2024"]
[SourceDate "2024.02.07"]
[SourceVersion "1"]
[SourceVersionDate "2024.02.07"]
[SourceQuality "1"]

1. Nf3 Nf6 2. g3 c5 3. Bg2 g6 4. 0-0 d5 5. c4 d4 6. b4 cxb4 7. Qa4+ Bd7 8. Qxb4 Nc6 9. Qb3 Bg7 10. Bb2 Ne4 11. d3 Nc5 12. Qa3 b6 13. Nbd2 e5 14. Nb3 Ne6 15. Bc1 Bf8 16. Qb2 Bg7 17. a4 0-0 18. Qd2 Qb8 19. Ba3 Rc8 20. Ng5 Bh6 21. f4 exf4 22. Nxe6 fxe6 23. gxf4 Qc7 24. Bxc6 Bxc6 25. Nxd4 Bb7 26. e4 e5 27. Nb5 Qd7 28. Nd6 Rf8 29. Qe2 Rxf4 30. Rxf4 Bxf4 31. Rf1 h5 32. Nxb7 Qxb7 33. Bc1 Bxc1 34. Rxc1 Qd7 35. a5 Rf8 36. axb6 axb6 37. Rf1 Rxf1+ 38. Kxf1 Kg7 39. Qe3 Qd6 40. Ke2 Qf6 41. c5 bxc5 42. Qxc5 g5 43. d4 exd4 44. e5 Qa6+ 45. Kd2 h4 46. Qxd4 Qa2+ 47. Ke3 Qxh2 48. Qd7+ Kh6 49. Qe6+ 1/2-1/2

[Event "Bhubaneswar SOA op 1st"]
[Site "Bhubaneswar"]
[Date "2024.01.28"]
[Round "1"]
[White "Nimay, Agrawal"]
[Black "Savchenko, Boris"]
[Result "0-1"]
[WhiteElo "2067"]
[BlackElo "2489"]
[PlyCount "138"]
[EventDate "2024.01.28"]
[EventType "swiss"]
[EventRounds "10"]
[EventCountry "IND"]
[SourceTitle "CB06_2024"]
[SourceDate "2024.02.07"]
[SourceVersion "1"]
[SourceVersionDate "2024.02.07"]
[SourceQuality "1"]

1. e4 g6 2. d4 Bg7 3. Nc3 d6 4. Nf3 Nf6 5. h3 0-0 6. Bc4 Nxe4 7. Nxe4 d5 8. Bd3 dxe4 9. Bxe4 Nd7 10. 0-0 c5 11. c3 cxd4 12. Nxd4 Nc5 13. Bc2 Qb6 14. Nb3 Na4 15. Qe2 e5 16. Be3 Qc7 17. Bd3 a6 18. f4 e4 19. Bxe4 Re8 20. Qf3 Nxb2 21. Bd4 Nc4 22. f5 Nd6 23. Bxg7 Kxg7 24. f6+ Kh8 25. Bc2 b5 26. Qg3 Bb7 27. h4 Re2 28. Rf2 Rxf2 29. Qxf2 Qxc3 30. Rd1 Ne4 31. Bxe4 Bxe4 32. Qd4 Qxd4+ 33. Rxd4 Bb1 34. Nc5 h5 35. a4 bxa4 36. Rxa4 a5 37. Nb3 Ra6 38. Rxa5 Rxf6 39. Nd2 Bd3 40. Nf3 Rf4 41. Rd5 Ba6 42. Rd4 Rf5 43. Ng5 Kg7 44. Rd7 Bc4 45. Rc7 Bd5 46. Rc5 Kf6 47. Ra5 Ke5 48. Nh3 Kd4 49. Ng5 Ke3 50. Ra3+ Kf4 51. g3+ Kg4 52. Rd3 f6 53. Nh7 Bg8 54. Nf8 g5 55. hxg5 fxg5 56. Nd7 Kh3 57. Re3 Ra5 58. Nf6 Ra1+ 59. Kf2 Bc4 60. g4+ Kh2 61. Re1 Ra2+ 62. Kf3 h4 63. Re5 Kg1 64. Re1+ Bf1 65. Nd5 Rf2+ 66. Ke4 h3 67. Ne3 h2 68. Rxf1+ Rxf1 69. Nxf1 h1Q+ 0-1

[Event "Bangalore op 1st"]
[Site "Bangalore"]
[Date "2024.01.26"]
[Round "10"]
[White "Savchenko, Boris"]
[Black "Sahoo, Utkal Ranjan"]
[Result "1-0"]
[WhiteElo "2489"]
[BlackElo "2316"]
[PlyCount "59"]
[EventDate "2024.01.18"]
[EventType "swiss"]
[EventRounds "10"]
[EventCountry "IND"]
[SourceTitle "CB05_2024"]
[SourceDate "2024.01.31"]
[SourceVersion "1"]
[SourceVersionDate "2024.01.31"]
[SourceQuality "1"]

1. e4 e6 2. d4 d5 3. Nc3 Bb4 4. a3 Bxc3+ 5. bxc3 dxe4 6. Qg4 Kf8 7. Qxe4 Nf6 8. Qe3 b6 9. Bb2 Bb7 10. c4 Nbd7 11. 0-0-0 Qe7 12. Ne2 c5 13. Nc3 cxd4 14. Rxd4 Nc5 15. Be2 Bxg2 16. Rg1 Bc6 17. Rxg7 Kxg7 18. Nd5 Bxd5 19. Rg4+ Kf8 20. Qh6+ Ke8 21. Bxf6 Qf8 22. Bg7 Qd6 23. cxd5 Kd7 24. Bb5+ Kc7 25. Qh5 f5 26. Qf7+ Kb8 27. Bxh8 fxg4 28. Qe8+ Kb7 29. Qc6+ Qxc6 30. Bxc6+ 1-0

[Event "Bangalore op 1st"]
[Site "Bangalore"]
[Date "2024.01.25"]
[Round "9"]
[White "Parvathareddy, Ajay Santhosh"]
[Black "Savchenko, Boris"]
[Result "0-1"]
[WhiteElo "2204"]
[BlackElo "2489"]
[PlyCount "106"]
[EventDate "2024.01.18"]
[EventType "swiss"]
[EventRounds "10"]
[EventCountry "IND"]
[SourceTitle "CB05_2024"]
[SourceDate "2024.01.31"]
[SourceVersion "1"]
[SourceVersionDate "2024.01.31"]
[SourceQuality "1"]

1. d4 d5 2. Nf3 c5 3. e3 cxd4 4. exd4 Nc6 5. c4 Nf6 6. Bg5 e6 7. cxd5 Qxd5 8. Nc3 Bb4 9. a3 Bxc3+ 10. bxc3 Ne4 11. Bd2 0-0 12. c4 Qf5 13. Be3 Qa5+ 14. Bd2 Nxd2 15. Qxd2 Rd8 16. Qxa5 Nxa5 17. Be2 b6 18. Rb1 Bb7 19. 0-0 Rac8 20. c5 bxc5 21. Rb5 Ba6 22. Rxa5 Bxe2 23. Re1 Bxf3 24. gxf3 cxd4 25. Rxa7 Rc3 26. Rd1 g6 27. Kg2 Rd5 28. f4 d3 29. Rd2 Rd4 30. Kg3 Kg7 31. a4 h5 32. a5 Ra3 33. a6 Kf6 34. f3 h4+ 35. Kxh4 g5+ 36. Kg3 gxf4+ 37. Kg2 Rd6 38. Kh3 e5 39. Ra8 Rdxa6 40. Rxa6+ Rxa6 41. Rxd3 Ra2 42. Rb3 Rf2 43. Kg4 Kg6 44. Kh3 Kg5 45. Ra3 f5 46. Rb3 e4 47. Ra3 e3 48. Ra2 Rxf3+ 49. Kg2 Kg4 50. Kg1 Rh3 51. Ra8 f3 52. Re8 Kf4 53. Kh1 Rh7 0-1

[Event "Indore op 2nd"]
[Site "Indore"]
[Date "2024.01.16"]
[Round "10"]
[White "Nguyen, Duc Hoa"]
[Black "Savchenko, Boris"]
[Result "0-1"]
[WhiteElo "2322"]
[BlackElo "2489"]
[PlyCount "104"]
[EventDate "2024.01.09"]
[EventType "swiss"]
[EventRounds "10"]
[EventCountry "IND"]
[SourceTitle "CB03_2024"]
[SourceDate "2024.01.17"]
[SourceVersion "1"]
[SourceVersionDate "2024.01.17"]
[SourceQuality "1"]

1. d4 g6 2. e4 Bg7 3. f4 d6 4. Nf3 c5 5. d5 a6 6. a4 e6 7. Bc4 Nf6 8. dxe6 Bxe6 9. Bxe6 fxe6 10. e5 dxe5 11. Qxd8+ Kxd8 12. Nxe5 Kc7 13. Be3 Nd5 14. Bxc5 Nd7 15. Nxd7 Kxd7 16. c3 Kc6 17. Ba3 Nxf4 18. g3 Nd3+ 19. Ke2 Rad8 20. Rd1 Ne5 21. Nd2 h5 22. Be7 Rd5 23. Ne4 Nc4 24. b3 Na5 25. Rab1 Re5 26. Rd4 Re8 27. Bb4 Kb6 28. Bxa5+ Kxa5 29. Rf1 Re7 30. Kd3 Rd5 31. Rxd5+ exd5 32. Nd6 Rc7 33. Rf7 Rxc3+ 34. Kd2 Be5 35. Rxb7 Rc6 36. Nf7 Bf6 37. h3 Bc3+ 38. Kd3 Bb4 39. Kd4 Rc3 40. Ne5 Rxb3 41. Kxd5 Kxa4 42. Rb6 a5 43. Rxg6 Be1 44. Rg5 Bxg3 45. Nd7 Rb5+ 46. Nc5+ Kb4 47. Kc6 Kc4 48. h4 Bf4 49. Rf5 Be3 50. Ne4 Rxf5 51. Nd6+ Kd3 52. Nxf5 a4 0-1

[Event "Indore op 2nd"]
[Site "Indore"]
[Date "2024.01.15"]
[Round "9"]
[White "Savchenko, Boris"]
[Black "Ratnakaran, K."]
[Result "1-0"]
[WhiteElo "2489"]
[BlackElo "2256"]
[PlyCount "95"]
[EventDate "2024.01.09"]
[EventType "swiss"]
[EventRounds "10"]
[EventCountry "IND"]
[SourceTitle "CB03_2024"]
[SourceDate "2024.01.17"]
[SourceVersion "1"]
[SourceVersionDate "2024.01.17"]
[SourceQuality "1"]

1. e4 e6 2. d4 d5 3. Nc3 Nf6 4. e5 Nfd7 5. f4 c5 6. Nf3 a6 7. Be3 b5 8. f5 cxd4 9. Nxd4 Nxe5 10. fxe6 fxe6 11. Qh5+ Nf7 12. Be2 g6 13. Qh3 b4 14. Na4 e5 15. Ne6 Qd6 16. Ng7+ Bxg7 17. Qxc8+ Nd8 18. Nb6 Ra7 19. Nxd5 Rb7 20. 0-0-0 Qc6 21. Nc7+ Qxc7 22. Rxd8+ Qxd8 23. Qxb7 0-0 24. Qxb4 Kh8 25. Rd1 Qc8 26. c3 Re8 27. Qe4 Qc7 28. a4 Qf7 29. h4 Bf8 30. g4 Qc7 31. h5 gxh5 32. gxh5 Nd7 33. Qf5 Nc5 34. Kb1 h6 35. Bxc5 Qxc5 36. Bxa6 e4 37. Qxc5 Bxc5 38. b4 Bf2 39. a5 Kg7 40. Kc2 Kf6 41. Rf1 e3 42. Be2 Ke5 43. a6 Kd6 44. c4 Kc7 45. c5 Kb8 46. Ra1 Re7 47. b5 Rc7 48. b6 1-0

[Event "Indore op 2nd"]
[Site "Indore"]
[Date "2024.01.12"]
[Round "5"]
[White "Savchenko, Boris"]
[Black "Omidi, Arya"]
[Result "1-0"]
[WhiteElo "2489"]
[BlackElo "2301"]
[PlyCount "101"]
[EventDate "2024.01.09"]
[EventType "swiss"]
[EventRounds "10"]
[EventCountry "IND"]
[SourceTitle "CB03_2024"]
[SourceDate "2024.01.17"]
[SourceVersion "1"]
[SourceVersionDate "2024.01.17"]
[SourceQuality "1"]

1. e4 c5 2. Nf3 d6 3. d4 cxd4 4. Qxd4 Nf6 5. Be2 Nc6 6. Qe3 g6 7. 0-0 Bg7 8. h3 0-0 9. Rd1 Be6 10. c4 Nd7 11. Nc3 Nc5 12. Rb1 a5 13. Ng5 a4 14. Nb5 Ra6 15. Bd2 h6 16. Nxe6 Nxe6 17. Bc3 Qb6 18. Qg3 Ncd4 19. Nxd4 Nxd4 20. Bf1 Qc5 21. Rd3 Rb6 22. Rbd1 e5 23. Kh1 Kh7 24. Qh4 Qc6 25. Rg3 Qc5 26. Qg4 Bf6 27. Rd2 Qc6 28. Qd1 Qxe4 29. Qxa4 Ra6 30. Qd1 Rxa2 31. Bd3 Qc6 32. Qb1 Qa6 33. Rd1 Bg5 34. h4 Bxh4 35. Bxg6+ Kg7 36. Rg4 Bg5 37. Bd3 f5 38. c5 Qa4 39. Bxf5 Rxf5 40. Rgxd4 exd4 41. Rxd4 Bf6 42. Rxa4 Rh5+ 43. Kg1 Rxa4 44. Bxf6+ Kxf6 45. Qd1 Rah4 46. Qxd6+ Kg7 47. Qc7+ Kg6 48. Qb6+ Kf5 49. f3 Rh1+ 50. Kf2 Rg5 51. g4+ 1-0

[Event "Chennai op 14th"]
[Site "Chennai"]
[Date "2024.01.04"]
[Round "7"]
[White "Rathnakaran, Kantholi"]
[Black "Savchenko, Boris"]
[Result "0-1"]
[WhiteElo "2232"]
[BlackElo "2505"]
[PlyCount "104"]
[EventDate "2023.12.31"]
[EventType "swiss"]
[EventRounds "10"]
[EventCountry "IND"]
[SourceTitle "CB02_2024"]
[SourceDate "2024.01.10"]
[SourceVersion "1"]
[SourceVersionDate "2024.01.10"]
[SourceQuality "1"]

1. e4 c6 2. Nc3 d5 3. Nf3 Bg4 4. h3 Bh5 5. d3 e6 6. Bd2 Bc5 7. Qe2 Ne7 8. g4 Bg6 9. h4 h5 10. Ne5 dxe4 11. dxe4 hxg4 12. 0-0-0 Bh5 13. Be3 Bxe3+ 14. Qxe3 Qc7 15. Nc4 Nd7 16. Nd6+ Kf8 17. Be2 Ng6 18. Rd2 Nde5 19. a4 b6 20. Na2 Qe7 21. Kb1 Nxh4 22. Qa3 Kg8 23. Ba6 Nhf3 24. Rdd1 Bg6 25. Nc8 Nd2+ 26. Kc1 Qxa3 27. bxa3 Rxh1 28. Rxh1 Rxc8 29. Bxc8 Nxe4 30. Rf1 Nc5 31. Nb4 a5 32. Na6 Nxa4 33. Re1 Nf3 34. Re3 Nd4 35. c3 Nb3+ 36. Kd1 Nb2+ 37. Ke1 Nc4 38. Rg3 Nxa3 39. Rxg4 Bh5 40. Rh4 Nc2+ 41. Kf1 Nd2+ 42. Kg2 Bf3+ 43. Kg3 g5 44. Ra4 Bd5 45. Nc7 Bb3 46. Rg4 Kf8 47. f4 Ne3 48. Rxg5 Ne4+ 49. Kf3 Nxg5+ 50. Kxe3 a4 51. Kd2 Ne4+ 52. Kc1 Nxc3 0-1

[Event "Wch Blitz"]
[Site "Samarkand"]
[Date "2023.12.29"]
[Round "3"]
[White "Rojas Salas, Steven"]
[Black "Savchenko, Boris"]
[Result "0-1"]
[WhiteElo "2172"]
[BlackElo "2505"]
[PlyCount "110"]
[EventDate "2023.12.29"]
[EventType "swiss (blitz)"]
[EventRounds "21"]
[EventCountry "UZB"]
[SourceTitle "CB01_2024"]
[SourceDate "2024.01.03"]
[SourceVersion "1"]
[SourceVersionDate "2024.01.03"]
[SourceQuality "1"]

1. d4 Nf6 2. c4 e6 3. Nc3 Bb4 4. e3 d5 5. a3 Bxc3+ 6. bxc3 c5 7. cxd5 Nxd5 8. c4 Nf6 9. Nf3 0-0 10. Bd3 Nc6 11. 0-0 b6 12. Bb2 Bb7 13. Qe2 Qe7 14. Rac1 Rfd8 15. Rfe1 Rac8 16. Bb1 Na5 17. Ne5 Be4 18. Ba2 Nd7 19. f3 Nxe5 20. fxe4 Ng6 21. e5 Qg5 22. Rf1 Rc7 23. Bb1 Rcd7 24. Rf3 cxd4 25. Rg3 Qxe5 26. Rf1 Nc6 27. Qf3 Qc7 28. exd4 Nxd4 29. Qh5 Qc5 30. Qxc5 bxc5 31. Re1 Rb8 32. Bxd4 Rxd4 33. Bd3 Ne7 34. h3 g6 35. Rf3 Rb3 36. Bf1 Rxf3 37. gxf3 Nc6 38. Rb1 Ne5 39. Rb7 Nxf3+ 40. Kf2 Nd2 41. Be2 Nxc4 42. Rxa7 Nb6 43. Bb5 c4 44. Rc7 Rd2+ 45. Ke1 Rd3 46. a4 Rxh3 47. a5 Rb3 48. Bc6 Nd5 49. Rc8+ Kg7 50. a6 Ne7 51. a7 Ra3 52. a8Q Rxa8 53. Rxa8 Nxc6 54. Kd2 Ne7 55. Kc3 Nd5+ 0-1

[Event "Wch Blitz"]
[Site "Samarkand"]
[Date "2023.12.29"]
[Round "11"]
[White "Savchenko, Boris"]
[Black "Song, Raymond"]
[Result "1-0"]
[WhiteElo "2505"]
[BlackElo "2503"]
[PlyCount "53"]
[EventDate "2023.12.29"]
[EventType "swiss (blitz)"]
[EventRounds "21"]
[EventCountry "UZB"]
[SourceTitle "CB01_2024"]
[SourceDate "2024.01.03"]
[SourceVersion "1"]
[SourceVersionDate "2024.01.03"]
[SourceQuality "1"]

1. d4 Nf6 2. Nf3 d5 3. c4 e6 4. Nc3 Bb4 5. Qb3 c5 6. a3 Bxc3+ 7. bxc3 Nc6 8. cxd5 exd5 9. Bg5 0-0 10. e3 h6 11. Bxf6 Qxf6 12. Qxd5 cxd4 13. cxd4 Rd8 14. Qb5 Bg4 15. Be2 Bxf3 16. Bxf3 Rxd4 17. Qxb7 Rdd8 18. 0-0 Ne5 19. Qxa8 Rxa8 20. Bxa8 a5 21. Bd5 Nd3 22. Rad1 Qc3 23. a4 g6 24. Be4 Nc5 25. Rd4 Kg7 26. Bd5 Qc2 27. Rc4 1-0

[Event "Wch Rapid"]
[Site "Samarkand"]
[Date "2023.12.28"]
[Round "12"]
[White "Pranav, V."]
[Black "Savchenko, Boris"]
[Result "1-0"]
[WhiteElo "2611"]
[BlackElo "2505"]
[PlyCount "121"]
[EventDate "2023.12.26"]
[EventType "swiss (rapid)"]
[EventRounds "13"]
[EventCountry "UZB"]
[SourceTitle "CB01_2024"]
[SourceDate "2024.01.03"]
[SourceVersion "1"]
[SourceVersionDate "2024.01.03"]
[SourceQuality "1"]

1. e4 c5 2. Nf3 d6 3. d4 cxd4 4. Nxd4 Nf6 5. Nc3 a6 6. h3 e6 7. g4 b5 8. Bg2 Bb7 9. g5 Nfd7 10. h4 Be7 11. a4 b4 12. Nce2 0-0 13. b3 Nc5 14. Ng3 d5 15. e5 Ne4 16. Nge2 Qc7 17. Rh3 Nc6 18. f4 Bc5 19. Be3 Qb6 20. Qd3 a5 21. Nxc6 Qxc6 22. Bxe4 dxe4 23. Qc4 Rfc8 24. Qxc5 Qxc5 25. Bxc5 Rxc5 26. 0-0-0 Rac8 27. Rd2 g6 28. Re3 h6 29. Kb2 hxg5 30. hxg5 Kg7 31. c4 bxc3+ 32. Nxc3 Bd5 33. Nxe4 Bxe4 34. Rxe4 Rc1 35. Rf2 R1c3 36. Rd4 Rg3 37. Rc4 Rd8 38. Rc3 Rg1 39. Rc5 Ra8 40. Rd2 Rf1 41. Rd4 Rf3 42. Rb5 Kg8 43. Rc4 Rf2+ 44. Ka3 Kg7 45. Rcc5 Rxf4 46. Rxa5 Rh8 47. Rab5 Rg4 48. a5 Rxg5 49. a6 Rg1 50. Ra5 g5 51. Kb2 g4 52. a7 Ra8 53. b4 g3 54. Rc3 g2 55. Rg3+ Kh7 56. b5 Re1 57. Rxg2 Rxe5 58. Kb3 Re3+ 59. Kb4 Re4+ 60. Kc5 Re5+ 61. Kb6 1-0

[Event "Wch Rapid"]
[Site "Samarkand"]
[Date "2023.12.27"]
[Round "6"]
[White "Khismatullin, Denis Rimovich"]
[Black "Savchenko, Boris"]
[Result "0-1"]
[WhiteElo "2579"]
[BlackElo "2505"]
[PlyCount "114"]
[EventDate "2023.12.26"]
[EventType "swiss (rapid)"]
[EventRounds "13"]
[EventCountry "UZB"]
[SourceTitle "CB01_2024"]
[SourceDate "2024.01.03"]
[SourceVersion "1"]
[SourceVersionDate "2024.01.03"]
[SourceQuality "1"]

1. d4 d5 2. c4 e6 3. Nf3 a6 4. Bg5 Be7 5. Bxe7 Qxe7 6. Nbd2 Nf6 7. g3 0-0 8. Rc1 Rd8 9. Bg2 c5 10. cxd5 cxd4 11. Nxd4 Nxd5 12. 0-0 Nb4 13. Nc4 Nxa2 14. Nb6 Nxc1 15. Qxc1 Qb4 16. Nxa8 Qxd4 17. Qc7 Qd6 18. Rc1 Qxc7 19. Rxc7 b5 20. Nb6 Bd7 21. f4 Be8 22. Kf2 Kf8 23. Ra7 b4 24. Bf3 Bb5 25. Ke3 g6 26. Rb7 Kg7 27. g4 Nc6 28. Rc7 Nd4 29. Nc4 Nxf3 30. exf3 Bxc4 31. Rxc4 a5 32. Rc5 Rd5 33. Rc7 Rd1 34. Ra7 Ra1 35. b3 h5 36. gxh5 gxh5 37. f5 e5 38. Ra6 h4 39. f4 Re1+ 40. Kf3 Rf1+ 41. Ke4 Re1+ 42. Kf3 e4+ 43. Kf2 Rb1 44. Rxa5 Rxb3 45. Re5 Rf3+ 46. Ke2 b3 47. Rxe4 Rh3 48. Rb4 Kf6 49. Rb5 Rxh2+ 50. Kf3 b2 51. Kg4 Ke7 52. Kg5 Kd6 53. Rb8 Kc5 54. Kf6 h3 55. Kxf7 Rf2 56. f6 h2 57. Rc8+ Kb6 0-1

[Event "Moscow Dvoretsky Memorial Blitz"]
[Site "Moscow"]
[Date "2023.12.09"]
[Round "8"]
[White "Grischuk, Alexander"]
[Black "Savchenko, Boris"]
[Result "1/2-1/2"]
[WhiteElo "2732"]
[BlackElo "2505"]
[PlyCount "122"]
[EventDate "2023.12.09"]
[EventType "tourn (blitz)"]
[EventRounds "11"]
[EventCountry "RUS"]
[EventCategory "15"]
[SourceTitle "CB50_2023"]
[SourceDate "2023.12.13"]
[SourceVersion "1"]
[SourceVersionDate "2023.12.13"]
[SourceQuality "1"]

1. d4 Nf6 2. c4 e6 3. Bg5 h6 4. Bh4 c5 5. d5 exd5 6. cxd5 d6 7. e4 Be7 8. Bg3 0-0 9. Bd3 c4 10. Bc2 Ng4 11. Nd2 Qb6 12. Rb1 Qc5 13. Ne2 a5 14. a4 Na6 15. Rc1 Nb4 16. Bb1 Bg5 17. 0-0 b5 18. axb5 Qxb5 19. h3 Bxd2 20. Qxd2 Ne5 21. Nf4 Ra7 22. Rc3 Ba6 23. Rfc1 Re8 24. f3 Rae7 25. Kh2 a4 26. Bf2 Qd7 27. Bd4 Ned3 28. Bxd3 Nxd3 29. Nxd3 cxd3 30. Rc6 Bb7 31. Rb6 f5 32. Qxd3 fxe4 33. fxe4 Rxe4 34. Bc3 Qf7 35. Rxd6 Qf4+ 36. Qg3 Qxg3+ 37. Kxg3 Re3+ 38. Kh2 R8e7 39. Rd1 Kh7 40. Rb6 Re2 41. Rb4 Rd7 42. Rbd4 Rc2 43. Rxa4 Rxd5 44. Rxd5 Bxd5 45. Rg4 g5 46. h4 Kg6 47. hxg5 h5 48. Rg3 Be4 49. Kg1 Bd5 50. Kf1 Be4 51. Kg1 Bb7 52. Bf6 h4 53. Rg4 Kh5 54. Rb4 Rxg2+ 55. Kf1 Bf3 56. Rf4 Bc6 57. Rc4 Bf3 58. Rf4 Bb7 59. Rb4 Bf3 60. Rf4 Be4 61. Rxe4 Rg1+ 1/2-1/2